MARC

LEADER 00000cam a2200000 7i4500
001 0000140992
005 20101221.0
020 |a 3883758183 
020 |a 9783883758183 
090 0 0 |a 779.092   |b GIL 
100 1 |a Gill, Simryn 
245 1 0 |a Standing still   |c Simryn Gill 
260 |a Germany :   |b Verlag der Buchhandlung Wather Konig ,   |c 2004 
300 |a 127p. ;   |c 22cm. 
600 0 0 |a Gill, Simryn ,   |d 1959 
650 0 0 |a Abandoned houses   |z Malaysia   |x Pictorial works 
650 0 0 |a Architecture   |z Malaysia   |x Pictorial works 
650 0 0 |a Buildings   |z Malaysia   |x Pictorial works 
650 0 0 |a Photography, Artistic 
999 |a 00238618   |b BUKU   |c PINJAMAN   |e PERPUSTAKAAN KOMUNITI PETALING JAYA